|
|
|
|
| LEADER |
00000nam0a2200000 4500 |
| 001 |
361348 |
| 005 |
20231102011359.0 |
| 035 |
|
|
|a (RuTPU)RU\TPU\retro\18674
|
| 090 |
|
|
|a 361348
|
| 100 |
|
|
|a 20210603d1964 km y0rusy50 ca
|
| 101 |
0 |
|
|a rus
|
| 102 |
|
|
|a RU
|
| 105 |
|
|
|a a z 001zy
|
| 200 |
1 |
|
|a О геологическом строении и нефтегазоносности Днепровско-Донецкой впадины
|f Центральный научно-исследовательский институт технико-экономических исследований по нефтяной, нефтехимической и газовой промышленности ; Центральный научно-исследовательский институт технико-экономических исследований по нефтяной, нефтехимической и газовой промышленности ; под Отв.. Я. Н. Кумох
|
| 210 |
|
|
|a Москва
|c Изд-во ЦнииТЭнефтегаз
|d 1964
|
| 215 |
|
|
|a 116 с.
|c ил.
|
| 320 |
|
|
|a Библиогр. в конце ст.
|
| 606 |
1 |
|
|a Геология
|y Украина
|2 stltpush
|3 (RuTPU)RU\TPU\subj\74849
|9 86818
|
| 606 |
1 |
|
|a Нефтегазоносность
|2 stltpush
|3 (RuTPU)RU\TPU\subj\45590
|9 64783
|
| 610 |
1 |
|
|a геологическое строение
|
| 610 |
1 |
|
|a Днепровско-Донецкая впадина
|
| 610 |
1 |
|
|a стратиграфия
|
| 610 |
1 |
|
|a палеогеография
|
| 610 |
1 |
|
|a тектоника
|
| 610 |
1 |
|
|a структурные особенности
|
| 610 |
1 |
|
|a поровые коллекторы
|
| 610 |
1 |
|
|a залежи нефти
|
| 675 |
|
|
|a 55(477)
|v 4
|
| 675 |
|
|
|a 553.98(477)
|v 4
|
| 702 |
|
1 |
|a Кумох
|b Я. Н.
|4 340
|
| 712 |
0 |
2 |
|a Центральный научно-исследовательский институт технико-экономических исследований по нефтяной, нефтехимической и газовой промышленности
|2 stltpush
|3 (RuTPU)RU\TPU\col\8503
|9 24537
|
| 801 |
|
1 |
|a RU
|b 63413507
|c 20210603
|
| 801 |
|
2 |
|a RU
|b 63413507
|c 20210706
|g RCR
|
| 942 |
|
|
|c BK
|